000 00703nam a2200205Ia 4500
005 20260121110119.0
008 008 260114s9999 xx 000 0 hin d
020 _a9788132364771
037 _aEBOOK
040 _aCRL
_bhin
_cCRL
041 _ahin
_2hin
084 _qCRL
100 _aअभिरूप पटेल / Abhirup Patel
_9942207
245 0 _aगुप्तकालीन इतिहास: सम्पूर्ण विवरण / Guptakalin Itihas: Sampurn Vivaran
260 _bभाषा प्रकाशन / Bhasha Prakashan
_c2021
856 _uhttps://bhashaprakashan.com/product-details/379128
942 _cEBOOK
999 _c1533872
_d1533872